| 000 | 00368nam a2200145Ia 4500 | ||
|---|---|---|---|
| 008 | 230312s9999||||xx |||||||||||||| ||und|| | ||
| 020 | _a0-7279-1821-4 | ||
| 082 |
_a615.82 _bGLA-E |
||
| 100 | _aGlasziou;Paul | ||
| 245 | 0 | _aEvidence-based Medicine Workbook | |
| 260 |
_bBMJ Books _aUK _c2003 |
||
| 300 | _a132 | ||
| 650 |
_aPhysiotherapy _vPhysio Therapy |
||
| 942 | _cBK | ||
| 999 |
_c10361 _d10361 |
||